Jornades sobre l'atur / [organitzades pel] Departament de Treball de la Generalitat de Catalunya
Descripción Física:
426 p., [1] f. ; 24 cm
Materias:
Atur -- Catalunya -- Congressos
MARC
| LEADER | 00000nam a2200000Ia 4500 | ||
|---|---|---|---|
| 001 | 572 | ||
| 003 | BGR | ||
| 005 | 20260324175301.0 | ||
| 008 | 160829s1980 xx 000 0 cat d | ||
| 080 | |a M-3-148 | ||
| 111 | |a Jornades sobre l'Atur |9 71311 |c (Barcelona : |d 1979) | ||
| 245 | |a Jornades sobre l'atur / [organitzades pel] Departament de Treball de la Generalitat de Catalunya | ||
| 260 | |a Barcelona : |b Servei Central de Publicacions de la Generalitat de Catalunya, |c 1980 | ||
| 300 | |a 426 p., [1] f. ; |c 24 cm | ||
| 650 | |a Atur |x Catalunya |x Congressos |9 24815 | ||
| 710 | 1 | |a Catalunya. |b Departament de Treball |9 69848 | |
| 901 | |a Arxiu | ||
| 942 | |n 1 |2 udc |c JC | ||
| 952 | |0 0 |1 0 |4 0 |6 M3148 |7 1 |9 43328 |a Arxiu |b Arxiu |d 2016-12-01 |l 0 |o M-3-148 |p 572 |r 2016-12-01 00:00:00 |w 2016-12-01 |y ARXIU | ||
| 999 | |c 45873 |d 45873 | ||